书目信息 |
| 题名: |
诗与宗教
|
|
| 作者: | 延斯 , 金 著 ;李永平 译 | |
| 分册: | ||
| 出版信息: | 北京 生活·读书·新知三联书店 2005 |
|
| 页数: | 341页 | |
| 开本: | 21cm | |
| 丛书名: | 现代西方学术文库 | |
| 单 册: | ||
| 中图分类: | I516.072 | |
| 科图分类: | ||
| 主题词: | 诗歌--Shi Ge--对比研究--神学--德国--近代 | |
| 电子资源: | ||
| ISBN: | 7-108-02343-1 | |
| 000 | 00944cam 2200301 450 | |
| 001 | CAL 012006009205 | |
| 005 | 20061120163443.46 | |
| 010 | @a7-108-02343-1@dCNY 18.80 | |
| 099 | @aCAL 012006009205 | |
| 100 | @a19980227d2005 ekmy0chiy0121 ea | |
| 101 | 1 | @achi@cger |
| 102 | @aCN@b110000 | |
| 105 | @ay a 000yy | |
| 200 | 1 | @a诗与宗教@AShi Yu Zong Jiao@f汉斯·昆, 瓦尔特·延斯著@g李永平译 |
| 210 | @a北京@c生活·读书·新知三联书店@d2005 | |
| 215 | @a341页@d21cm | |
| 225 | 2 | @a现代西方学术文库@Axian dai xi fang xue shu wen ku |
| 314 | @a著者规范汉译姓: 金 | |
| 320 | @a有书目 (第320-339页) | |
| 410 | 0 | @12001 @a现代西方学术文库 |
| 606 | 0 | @a诗歌@AShi Ge@x对比研究@x神学@y德国@z近代 |
| 690 | @aI516.072@v4 | |
| 701 | 1 | @a延斯@AYan Si@g(Jens, Walter)@4著 |
| 701 | 1 | @a金@AJin@g(Kung, Hans),@f1928-@4著 |
| 702 | 0 | @a李永平@ALi Yong Ping@4译 |
| 801 | @aCN@c20061120 | |
| 905 | @a10447@dI516.072@eH114 | |
| 998 | @aNUL | |
| 诗与宗教/汉斯·昆, 瓦尔特·延斯著/李永平译.-北京:生活·读书·新知三联书店,2005 |
| 341页;21cm.-(现代西方学术文库) |
| ISBN 7-108-02343-1:CNY 18.80 |
| ● |
| 相关链接 |
|
|
|
正题名:诗与宗教
索取号:I516.072/H114
 
预约/预借
| 序号 | 登录号 | 条形码 | 馆藏地/架位号 | 状态 | 备注 |
| 1 | 612070 | 206120703 | 社科二线422/116文学库 17排4列4层/ [索取号:I516.072/H114] | 在馆 | |
| 2 | 612071 | 206120712 | 文学库116/116文学库 17排4列5层/ [索取号:I516.072/H114] | 在馆 | |
| 3 | 612072 | 206120721 | 文学库116/116文学库 17排4列5层/ [索取号:I516.072/H114] | 在馆 |